• 首页
  • 本馆介绍
  • 公告通知
  • 最新文献
  • 馆藏检索
  • 电子资源
  • 读者导购
  • 参考咨询
  • 我的图书馆
  • 登录
  • 详细信息显示
  • 放入我的书架
  • 预约/预借图书
  • 作者相关作品
  • 分类相关作品
  • 丛书相关作品
  • 出版社相关作品

书目信息

  • 表格格式
  • 工作单格式
  • 卡片格式
题名:
毛里求斯简史
    
 
作者: 巴伯吉 著 ;梁易 译
分册:  
出版信息: 上海   上海人民出版社  1973.10
页数: 237页
开本: 20cm
丛书名:
单 册:
中图分类: K484
科图分类:
主题词: 非洲--历史
电子资源:
ISBN:
000 00687nam0 2200241 45
001 0212170844
005 20031219104102.3
010    @dCNY0.77
091    @a11171.38
100    @a20021217d1973 km y0chiy0120 ea
101 0  @achi
105    @a z 000yy
200 1  @a毛里求斯简史@AMao Li Qiu Si Jian Shi@f(毛)厄斯诺·巴伯吉著@F(Mao)E Si Nuo·Ba Bo Ji Zhu@g梁易译
210    @a上海@c上海人民出版社@d1973.10
215    @a237页@d20cm
300    @a内部读物
300    @a根据印度孟买欣德·基塔布斯出版公司1958年版译出
606 0  @a非洲@x历史
690    @aK484@v3
701  0 @a巴伯吉@4著
702  0 @a梁易@ALiang Yi@4译
801    @aCN@bTSTC@c20021217
905    @f1@b219136@dK484@e2
    
    毛里求斯简史/(毛)厄斯诺·巴伯吉著/梁易译.-上海:上海人民出版社,1973.10
    237页;20cm
    内部读物.-根据印度孟买欣德·基塔布斯出版公司1958年版译出
    
    ISBN :CNY0.77
    
●
相关链接 在E读中查询图书 在五车中查询图书 在当当中查询图书 在豆瓣中查询图书


正题名:毛里求斯简史     索取号:K484/2         预约/预借

序号 登录号 条形码 馆藏地/架位号 状态 备注
1 0219136   001737268   第二样本阅览室/ [索取号:K484/2] 在馆    
唐山师范学院图书馆 欢迎您!
大连网信软件有限公司© 版权所有